[Event "Copenhagen Chess Challenge 2011"]
[Site "Ballerup"]
[Date "2011.05.19"]
[Round "3"]
[White "Brynell, Stellan"]
[Black "Bromann, Thorbjorn"]
[Result "1-0"]
[WhiteElo "2486"]
[BlackElo "2405"]
[PlyCount "79"]
[EventDate "2011.??.??"]
[EventType "swiss"]
[EventRounds "9"]
[EventCountry "DEN"]

1. d4 e6 2. c4 Bb4+ 3. Bd2 Qe7 4. g3 f5 5. Bg2 Nf6 6. Nf3 Bxd2+ 7. Qxd2 d6 8.
O-O e5 9. Nc3 e4 10. Ne1 O-O 11. Nc2 c6 12. d5 c5 13. f3 exf3 14. exf3 Nbd7 15.
Rfe1 Qd8 16. f4 a6 17. a4 a5 18. Na3 Nb8 19. Nab5 Na6 20. Re3 Re8 21. Rae1 Rxe3
22. Qxe3 Kf8 23. h3 Ne8 24. Bf3 Nac7 25. Kg2 Bd7 26. g4 b6 27. g5 Nxb5 28. cxb5
Nc7 29. Nb1 Be8 30. Na3 Bf7 31. Qd3 Qd7 32. Nc4 Rb8 33. Re2 Na8 34. Kf2 Rd8 35.
h4 Re8 36. Rxe8+ Kxe8 37. Qxf5 Qxf5 38. Nxd6+ Kd7 39. Nxf5 g6 40. Nh6 1-0

[Event "Copenhagen Chess Challenge 2011"]
[Site "Ballerup"]
[Date "2011.05.19"]
[Round "3"]
[White "Fries Nielsen, Jens Ove"]
[Black "Bulski, Krzysztof"]
[Result "1/2-1/2"]
[WhiteElo "2386"]
[BlackElo "2482"]
[PlyCount "72"]
[EventDate "2011.??.??"]
[EventType "swiss"]
[EventRounds "9"]
[EventCountry "DEN"]

1. Nc3 c5 2. d4 cxd4 3. Qxd4 Nc6 4. Qa4 g6 5. h4 Nf6 6. e4 Bg7 7. Bg5 d6 8.
O-O-O h6 9. Bxf6 Bxf6 10. Nd5 Bg7 11. f4 Bd7 12. Qb3 a5 13. Qb6 O-O 14. Qxd8
Raxd8 15. Bb5 f5 16. exf5 gxf5 17. Nf3 e5 18. Nc7 e4 19. Bc4+ Kh8 20. Ng5 Nd4
21. Nge6 Bxe6 22. Nxe6 Nxe6 23. Bxe6 Rf6 24. Bd5 h5 25. g3 Rg6 26. Rhg1 Bh6 27.
Kd2 Rd7 28. Ke3 Bf8 29. Kf2 Be7 30. Bf7 Rh6 31. Rd5 Bd8 32. Rxf5 Bb6+ 33. Kf1
Bxg1 34. Kxg1 Kg7 35. Bxh5 d5 36. Rg5+ Kf6 1/2-1/2

[Event "Copenhagen Chess Challenge 2011"]
[Site "Ballerup"]
[Date "2011.05.19"]
[Round "3"]
[White "Haub, Thorsten Michael"]
[Black "Hagen, Andreas Skytte"]
[Result "0-1"]
[WhiteElo "2459"]
[BlackElo "2346"]
[PlyCount "94"]
[EventDate "2011.??.??"]
[EventType "swiss"]
[EventRounds "9"]
[EventCountry "DEN"]

1. g3 d5 2. Bg2 e5 3. d3 Nc6 4. a3 Nf6 5. e3 Bd6 6. Nd2 O-O 7. Ne2 Be6 8. h3
Qd7 9. b3 Ne7 10. Bb2 Ng6 11. Nf3 c6 12. Ng5 Bf5 13. e4 dxe4 14. dxe4 Be6 15.
O-O h6 16. Nxe6 Qxe6 17. Nc1 Bc5 18. Nd3 Bb6 19. c4 Rad8 20. c5 Bxc5 21. Nxc5
Rxd1 22. Nxe6 Rxa1 23. Rxa1 fxe6 24. Rd1 Kf7 25. a4 Rc8 26. h4 Rc7 27. Rc1 Rd7
28. Bc3 h5 29. f3 Ne8 30. Bf1 Nd6 31. Kf2 Ke8 32. Ke3 Nf7 33. Be2 Ne7 34. Bc4
Nd5+ 35. exd5 exd5 36. Bd3 d4+ 37. Bxd4 exd4+ 38. Kf4 Ke7 39. Rc5 Rd5 40. Rxd5
cxd5 41. g4 Kd6 42. Kf5 Ne5 43. Be2 d3 44. Bd1 d2 45. g5 Nd3 46. f4 d4 47. Bxh5
g6+ 0-1

[Event "Copenhagen Chess Challenge 2011"]
[Site "Ballerup"]
[Date "2011.05.19"]
[Round "3"]
[White "Hove, Esben Kjems"]
[Black "Smith, Axel"]
[Result "0-1"]
[WhiteElo "2276"]
[BlackElo "2450"]
[PlyCount "146"]
[EventDate "2011.??.??"]
[EventType "swiss"]
[EventRounds "9"]
[EventCountry "DEN"]

1. d4 Nf6 2. c4 e6 3. Nf3 d5 4. Nc3 Bb4 5. e3 O-O 6. Bd2 b6 7. cxd5 exd5 8. Qa4
c5 9. Be2 Bg4 10. dxc5 bxc5 11. O-O Nbd7 12. a3 Bxc3 13. Bxc3 Ne4 14. Ba5 Qf6
15. Qc2 Rab8 16. b3 Bf5 17. Qd1 Be6 18. Nd2 Nc3 19. Bxc3 Qxc3 20. Qc1 Qf6 21.
Qc2 Rfc8 22. e4 Qg6 23. f3 dxe4 24. fxe4 Ne5 25. Qc3 Qg5 26. h4 Qd8 27. Ba6 Rc6
28. Qxe5 Rxa6 29. Rf2 Rc8 30. h5 Qd4 31. Qxd4 cxd4 32. Nf3 d3 33. Rd2 Rc3 34.
Ne1 Rxb3 35. Rxd3 Rxd3 36. Nxd3 Bg4 37. Rb1 h6 38. Rb3 Ra5 39. Kf2 Bxh5 40. Ke3
g5 41. Kd4 Ra4+ 42. Ke5 Kg7 43. Nc5 Rc4 44. Kd5 Rc2 45. g3 Rd2+ 46. Kc6 Bg4 47.
a4 h5 48. Rb1 Rc2 49. a5 Bf3 50. Kd6 h4 51. gxh4 gxh4 52. Rf1 Bg2 53. Rf4 h3
54. Rh4 Kf6 55. e5+ Kg5 56. Rh8 Rc4 57. e6 fxe6 58. Nxe6+ Kg4 59. Rg8+ Kf5 60.
Rf8+ Kg4 61. Rg8+ Kh4 62. Rh8+ Kg3 63. Ng7 Rc6+ 64. Kd7 Rc5 65. Nh5+ Kg4 66.
Nf6+ Kf3 67. a6 Rf5 68. Rh6 h2 69. Ke6 Rxf6+ 70. Kxf6 h1=Q 71. Rxh1 Bxh1 72.
Ke5 Ke3 73. Kd6 Kd4 0-1

[Event "Copenhagen Chess Challenge 2011"]
[Site "Ballerup"]
[Date "2011.05.19"]
[Round "3"]
[White "Pedersen, Steffen"]
[Black "Rewitz, Poul"]
[Result "1/2-1/2"]
[WhiteElo "2441"]
[BlackElo "2289"]
[PlyCount "33"]
[EventDate "2011.??.??"]
[EventType "swiss"]
[EventRounds "9"]
[EventCountry "DEN"]

1. d4 Nf6 2. Nf3 e6 3. c4 Bb4+ 4. Bd2 c5 5. Bxb4 cxb4 6. a3 Na6 7. e3 b6 8. Qa4
bxa3 9. bxa3 Bb7 10. Nbd2 O-O 11. Be2 Nc7 12. O-O Ne4 13. Nxe4 Bxe4 14. Rfc1 f5
15. Qb3 Rb8 16. a4 a5 17. Ne1 1/2-1/2

[Event "Copenhagen Chess Challenge 2011"]
[Site "Ballerup"]
[Date "2011.05.19"]
[Round "3"]
[White "Johansson, Linus"]
[Black "Hector, Jonny"]
[Result "0-1"]
[WhiteElo "2131"]
[BlackElo "2585"]
[PlyCount "58"]
[EventDate "2011.??.??"]
[EventType "swiss"]
[EventRounds "9"]
[EventCountry "DEN"]

1. d4 d5 2. c4 e6 3. Nc3 c5 4. cxd5 cxd4 5. Qxd4 Nc6 6. Qd1 exd5 7. e3 Nf6 8.
Nf3 Bc5 9. Be2 O-O 10. O-O a6 11. a3 Re8 12. b4 Ba7 13. Qb3 Bg4 14. Bb2 Qd6 15.
Rad1 Rad8 16. Rfe1 d4 17. Ng5 Qc7 18. Na4 dxe3 19. f3 Bf5 20. Rxd8 Nxd8 21. Nc5
Bxc5 22. bxc5 Qf4 23. Nh3 Qh4 24. Rf1 Bxh3 25. gxh3 Nh5 26. Qc3 Re6 27. Bd3 Nc6
28. Qe1 Qxh3 29. f4 e2 0-1

[Event "Copenhagen Chess Challenge 2011"]
[Site "Ballerup"]
[Date "2011.05.19"]
[Round "3"]
[White "Tikkanen, Hans"]
[Black "Hansen, Lars"]
[Result "1-0"]
[WhiteElo "2560"]
[BlackElo "2246"]
[PlyCount "65"]
[EventDate "2011.??.??"]
[EventType "swiss"]
[EventRounds "9"]
[EventCountry "DEN"]

1. d4 g6 2. c4 Bg7 3. e4 c5 4. d5 d6 5. Nc3 Nf6 6. Nf3 O-O 7. Bd3 e6 8. O-O
exd5 9. exd5 Bg4 10. h3 Bxf3 11. Qxf3 Nbd7 12. Qd1 Re8 13. Bg5 h6 14. Bh4 a6
15. f4 Rb8 16. a4 Qb6 17. Qc2 Nh5 18. Kh1 Bf6 19. Bxg6 fxg6 20. Qxg6+ Bg7 21.
Qxh5 Qxb2 22. Qg4 Qxc3 23. Qxd7 Qxc4 24. Rad1 Re4 25. Be7 Qxa4 26. Qxd6 Re8 27.
Bf6 c4 28. Bxg7 Kxg7 29. f5 Rf8 30. Qg6+ Kh8 31. Qxh6+ Kg8 32. Qg6+ Kh8 33. f6
1-0

[Event "Copenhagen Chess Challenge 2011"]
[Site "Ballerup"]
[Date "2011.05.19"]
[Round "3"]
[White "Fries Nielsen, Niels Jorgen"]
[Black "Danielsen, Henrik"]
[Result "1/2-1/2"]
[WhiteElo "2326"]
[BlackElo "2545"]
[PlyCount "114"]
[EventDate "2011.??.??"]
[EventType "swiss"]
[EventRounds "9"]
[EventCountry "DEN"]

1. g3 f5 2. Bg2 Nf6 3. d3 d6 4. Bg5 e5 5. c4 Be7 6. Nc3 O-O 7. e3 c6 8. Nge2
Na6 9. O-O Nc7 10. d4 e4 11. b4 Be6 12. c5 d5 13. a4 Bf7 14. Qb3 Ne6 15. Bxf6
Bxf6 16. f4 exf3 17. Rxf3 g6 18. h4 Bg7 19. Raf1 Qe7 20. Nd1 Nc7 21. Nf2 Rae8
22. b5 Ne6 23. Nd3 g5 24. Rxf5 Bg6 25. Rxf8+ Nxf8 26. Ne5 Bxe5 27. dxe5 Qxe5
28. bxc6 bxc6 29. Nd4 Qxg3 30. Nxc6 Be4 31. Qb2 Ne6 32. Qf2 Qxf2+ 33. Rxf2 Nxc5
34. hxg5 Nxa4 35. Ra2 Nc3 36. Rxa7 Bxg2 37. Kxg2 Rxe3 38. g6 hxg6 39. Ne7+ Kf8
40. Nxg6+ Ke8 41. Nf4 d4 42. Ra5 Kd7 43. Nd5 Rd3 44. Nxc3 dxc3 45. Kf2 Kc6 46.
Ke2 Rd2+ 47. Ke1 Kb6 48. Ra3 Rd3 49. Ke2 Rh3 50. Rb3+ Kc5 51. Kd1 Kd4 52. Rb8
Rh2 53. Kc1 Kd3 54. Rd8+ Kc4 55. Rc8+ Kd3 56. Rd8+ Kc4 57. Rc8+ Kd3 1/2-1/2

[Event "Copenhagen Chess Challenge 2011"]
[Site "Ballerup"]
[Date "2011.05.19"]
[Round "3"]
[White "Mikkelsen, Nikolaj"]
[Black "Molvig, Henrik"]
[Result "1/2-1/2"]
[WhiteElo "2401"]
[BlackElo "2180"]
[PlyCount "59"]
[EventDate "2011.??.??"]
[EventType "swiss"]
[EventRounds "9"]
[EventCountry "DEN"]

1. e4 c5 2. Nf3 d6 3. d4 cxd4 4. Nxd4 Nf6 5. Nc3 a6 6. h3 e5 7. Nde2 b5 8. g4
b4 9. Nd5 Nxd5 10. exd5 Be7 11. Ng3 Bh4 12. Qf3 O-O 13. Bd3 Bxg3 14. Qxg3 Nd7
15. Be3 Nb6 16. Bxb6 Qxb6 17. O-O-O f5 18. f3 Qe3+ 19. Kb1 e4 20. Bc4 Qc5 21.
Be2 Bd7 22. gxf5 Bxf5 23. Rhg1 Ra7 24. fxe4 Bxe4 25. Bd3 Bxd3 26. Qxd3 a5 27.
Rg4 Re7 28. Rdg1 Rff7 29. h4 Qe3 30. Qxe3 1/2-1/2

[Event "Copenhagen Chess Challenge 2011"]
[Site "Ballerup"]
[Date "2011.05.19"]
[Round "3"]
[White "Andersen, Morten"]
[Black "Skytte, Rasmus"]
[Result "1/2-1/2"]
[WhiteElo "2181"]
[BlackElo "2399"]
[PlyCount "56"]
[EventDate "2011.??.??"]
[EventType "swiss"]
[EventRounds "9"]
[EventCountry "DEN"]

1. d4 Nf6 2. c4 c5 3. d5 b5 4. cxb5 a6 5. bxa6 g6 6. Nc3 Bxa6 7. g3 d6 8. Bg2
Bg7 9. Nf3 Nfd7 10. O-O Nb6 11. Qc2 N8d7 12. Rd1 O-O 13. Rb1 Nc4 14. Nd2 Qa5
15. Nxc4 Bxc4 16. Bd2 Qa6 17. b3 Bxe2 18. Nxe2 Qxe2 19. Re1 Qa6 20. a4 Ne5 21.
h3 Rfe8 22. f4 Qd3 23. Qxd3 Nxd3 24. Re4 f5 25. Rc4 Reb8 26. Bc3 Bxc3 27. Rxc3
Nb4 28. Rd1 Ra7 1/2-1/2

[Event "Copenhagen Chess Challenge 2011"]
[Site "Ballerup"]
[Date "2011.05.19"]
[Round "3"]
[White "Thorhallsson, Throstur"]
[Black "Schmidt, Tommy B"]
[Result "1-0"]
[WhiteElo "2392"]
[BlackElo "2143"]
[PlyCount "59"]
[EventDate "2011.??.??"]
[EventType "swiss"]
[EventRounds "9"]
[EventCountry "DEN"]

1. e4 c6 2. d4 d5 3. e5 Bf5 4. Nd2 e6 5. Nb3 Nd7 6. Nf3 h6 7. Be2 a5 8. a4 g5
9. O-O Bg7 10. Ne1 Qb6 11. Nd3 Ne7 12. Bd2 Qc7 13. f4 Ng6 14. fxg5 hxg5 15. Bg4
c5 16. Bxf5 exf5 17. Nbxc5 Nxc5 18. Nxc5 Bxe5 19. Qe2 O-O-O 20. dxe5 Qxc5+ 21.
Be3 Nf4 22. Rxf4 d4 23. Rxf5 dxe3 24. Re1 Kb8 25. Qxe3 Qxc2 26. Rxf7 Qc6 27. e6
Qc4 28. Qe5+ Kc8 29. e7 Qxf7 30. Rc1+ 1-0

[Event "Copenhagen Chess Challenge 2011"]
[Site "Ballerup"]
[Date "2011.05.19"]
[Round "3"]
[White "Nielsen, Jan Mose"]
[Black "Teplyi, Igor"]
[Result "0-1"]
[WhiteElo "2129"]
[BlackElo "2387"]
[PlyCount "112"]
[EventDate "2011.??.??"]
[EventType "swiss"]
[EventRounds "9"]
[EventCountry "DEN"]

1. d4 Nf6 2. Bf4 e6 3. e3 b6 4. Nd2 Bb7 5. Ngf3 Be7 6. Bd3 Nh5 7. Bg3 d6 8. c3
Nd7 9. Qc2 g6 10. Be4 c6 11. Ng1 O-O 12. Bf3 Nxg3 13. hxg3 d5 14. Be2 c5 15.
Ngf3 Rc8 16. Qb1 a6 17. Bd3 b5 18. Nh4 f5 19. Ndf3 c4 20. Bc2 Bd6 21. g4 Qf6
22. gxf5 exf5 23. g3 Rce8 24. Kd2 Re4 25. Qg1 g5 26. Ng2 h6 27. Qh2 Re6 28.
Raf1 b4 29. Qh5 Rf7 30. Rfg1 Kf8 31. Nfe1 Qg7 32. f4 Nf6 33. Qd1 Ne4+ 34. Bxe4
fxe4 35. Rf1 Bc6 36. Qg4 Ke7 37. Qh5 Ref6 38. Qd1 Rf8 39. Rh2 Be8 40. Rfh1 h5
41. Rxh5 Bxh5 42. Rxh5 gxf4 43. gxf4 bxc3+ 44. bxc3 Rh8 45. Nh4 Rxh5 46. Qxh5
Qf7 47. Qg5 Kd7 48. Qg4+ Kc7 49. f5 Kc6 50. Neg2 Qb7 51. Qg8 Qb2+ 52. Kd1 Rf8
53. Qe6 Rb8 54. Ke1 Qxc3+ 55. Kd1 Rb1+ 56. Ke2 Qc2# 0-1

[Event "Copenhagen Chess Challenge 2011"]
[Site "Ballerup"]
[Date "2011.05.19"]
[Round "3"]
[White "Westerinen, Heikki"]
[Black "Lindgren, Philip"]
[Result "1-0"]
[WhiteElo "2350"]
[BlackElo "2126"]
[PlyCount "99"]
[EventDate "2011.??.??"]
[EventType "swiss"]
[EventRounds "9"]
[EventCountry "DEN"]

1. e4 c5 2. Nf3 d6 3. c3 Nf6 4. h3 g6 5. Bd3 Bg7 6. O-O O-O 7. Bc2 Nc6 8. d4
cxd4 9. cxd4 d5 10. e5 Ne4 11. Re1 Be6 12. Be3 f6 13. exf6 exf6 14. Nc3 Nxc3
15. bxc3 Bf7 16. Qc1 Re8 17. Qb2 Na5 18. Bf4 b6 19. Nd2 Qd7 20. Bd3 Nc4 21.
Nxc4 dxc4 22. Be4 Bd5 23. Bxd5+ Qxd5 24. a4 Kf7 25. Qb5 Qxb5 26. axb5 Rxe1+ 27.
Rxe1 a5 28. Bc7 a4 29. Bxb6 Rb8 30. Bc5 Rxb5 31. Re7+ Kg8 32. Ra7 Rb3 33. Bb4
Bf8 34. Ra8 Rb1+ 35. Kh2 Rxb4 36. cxb4 c3 37. Rc8 a3 38. Rxc3 Bxb4 39. Rc6 a2
40. Ra6 Bc3 41. Rxa2 Bxd4 42. Rd2 Be5+ 43. g3 Kg7 44. f4 Bc3 45. Rd7+ Kh6 46.
g4 Be1 47. Kg2 Bc3 48. h4 g5 49. hxg5+ fxg5 50. f5 1-0

[Event "Copenhagen Chess Challenge 2011"]
[Site "Ballerup"]
[Date "2011.05.19"]
[Round "3"]
[White "Matthiesen, Martin"]
[Black "Brorsen, Jacob Abildlund"]
[Result "1-0"]
[WhiteElo "2242"]
[BlackElo "2064"]
[PlyCount "101"]
[EventDate "2011.??.??"]
[EventType "swiss"]
[EventRounds "9"]
[EventCountry "DEN"]

1. d4 d5 2. c4 c6 3. Nf3 Nf6 4. Nc3 e6 5. e3 Nbd7 6. Qc2 Bd6 7. Be2 O-O 8. b3
Qe7 9. O-O Re8 10. Bb2 dxc4 11. bxc4 e5 12. Rfe1 a6 13. c5 Bc7 14. Bc4 h6 15.
a4 a5 16. Ba3 e4 17. Nd2 Nf8 18. Rab1 N8h7 19. Ncxe4 Nxe4 20. Nxe4 Qxe4 21. Bd3
Bxh2+ 22. Kf1 Qg4 23. Bxh7+ Kh8 24. Bd3 Qh5 25. Be2 Qh4 26. Bf3 Bc7 27. Qc3 Qf6
28. Rb3 Rb8 29. Bb2 Qg5 30. Ba1 Re6 31. d5 cxd5 32. Qd2 Re7 33. Qxd5 Qg6 34.
Rb5 Be6 35. Qd4 Be5 36. Qh4 Bxa1 37. Qxe7 Bc4+ 38. Kg1 Bxb5 39. axb5 Bc3 40.
Rd1 f5 41. Bxb7 Re8 42. Rd8 Rxd8 43. Qxd8+ Kh7 44. Bd5 Qg4 45. Bf7 h5 46. Qg8+
Kh6 47. Qh8+ Kg5 48. c6 Qe4 49. Qd8+ Bf6 50. Qd6 h4 51. Qf4+ 1-0

[Event "Copenhagen Chess Challenge 2011"]
[Site "Ballerup"]
[Date "2011.05.19"]
[Round "3"]
[White "Rostgaard, Tobias Valentin"]
[Black "Halamus, Agata"]
[Result "1/2-1/2"]
[WhiteElo "2207"]
[BlackElo "2047"]
[PlyCount "172"]
[EventDate "2011.??.??"]
[EventType "swiss"]
[EventRounds "9"]
[EventCountry "DEN"]

1. d4 d5 2. c4 e6 3. Nf3 Nf6 4. g3 Bb4+ 5. Bd2 Be7 6. Bg2 O-O 7. O-O c6 8. Qc2
b6 9. b3 Bb7 10. a4 Na6 11. a5 Ne4 12. Be1 Bd6 13. e3 Qe7 14. Ne5 f6 15. Nd3 c5
16. dxc5 Naxc5 17. Nxc5 Nxc5 18. b4 Na6 19. b5 Nc7 20. a6 Bc8 21. Nc3 Bd7 22.
cxd5 Bxb5 23. Nxb5 Nxb5 24. dxe6 Rac8 25. Qb3 Nc7 26. f4 g6 27. Bb7 Rce8 28.
Bf2 Qxe6 29. Qxe6+ Nxe6 30. Rfd1 Bc5 31. Rd7 Rd8 32. Bd5 Rxd7 33. Bxe6+ Rff7
34. e4 Bxf2+ 35. Kxf2 Kf8 36. Ke3 Rc7 37. Bxf7 Kxf7 38. Kd4 Ke6 39. g4 Rc5 40.
h4 h6 41. f5+ Kf7 42. h5 g5 43. Re1 Rc8 44. e5 Rd8+ 45. Kc4 fxe5 46. Rxe5 Rd6
47. Rd5 b5+ 48. Kc5 Rxa6 49. Kxb5 Rb6+ 50. Kc5 Ra6 51. Rd6 Ra4 52. Rd4 Ra6 53.
Kd5 Kf6 54. Rc4 Ra5+ 55. Rc5 Ra4 56. Rc6+ Kf7 57. Rxh6 Rxg4 58. Ke5 Ra4 59.
Rh7+ Kg8 60. Rb7 g4 61. Kf6 Ra6+ 62. Kg5 g3 63. Rb2 Kf7 64. Rg2 Ra3 65. h6 Rc3
66. Ra2 Rc7 67. Ra3 g2 68. Rg3 Rc8 69. h7 Kg7 70. Rxg2 Kxh7 71. Rd2 Rc7 72.
Rh2+ Kg8 73. Kg6 Rc1 74. Rd2 Kf8 75. Rh2 Rg1+ 76. Kf6 Kg8 77. Rd2 Rf1 78. Rd8+
Kh7 79. Rd7+ Kg8 80. Rxa7 Rf2 81. Ra8+ Kh7 82. Ra4 Kg8 83. Ra5 Rf1 84. Re5 Kf8
85. Ke6 Ra1 86. Kf6 Rf1 1/2-1/2

[Event "Copenhagen Chess Challenge 2011"]
[Site "Ballerup"]
[Date "2011.05.19"]
[Round "3"]
[White "Andersen, Rune Egede"]
[Black "Ootes, Lennart"]
[Result "0-1"]
[WhiteElo "2063"]
[BlackElo "2194"]
[PlyCount "112"]
[EventDate "2011.??.??"]
[EventType "swiss"]
[EventRounds "9"]
[EventCountry "DEN"]

1. e4 e5 2. Nf3 Nc6 3. Bb5 Nd4 4. Nxd4 exd4 5. Qe2 Bc5 6. c3 Qe7 7. b4 Bb6 8.
Bb2 c6 9. Bc4 Nf6 10. e5 Nd5 11. Bxd5 cxd5 12. cxd4 Qxb4 13. Ba3 Qxd4 14. Nc3
Bc5 15. Bxc5 Qxc5 16. O-O d6 17. exd6+ Be6 18. d7+ Kxd7 19. Rab1 Rab8 20. Rb5
Qc6 21. Rfb1 Rhc8 22. h3 b6 23. Qd3 Qc4 24. Qxh7 Qd4 25. Qc2 Rc4 26. a3 Qe5 27.
R5b4 Rxb4 28. axb4 b5 29. Ra1 Ke8 30. Qd3 Rb7 31. Rc1 a6 32. Ne2 Rc7 33. Rxc7
Qxc7 34. Qd4 Qc4 35. d3 Qxd4 36. Nxd4 Kd7 37. Kf1 Kd6 38. f4 Bd7 39. Ke2 Kc7
40. Nb3 Kb6 41. Ke3 Kc6 42. Kd4 Kd6 43. h4 Bg4 44. Nc5 Bc8 45. g3 f6 46. Nb3
Bf5 47. Nd2 Bg4 48. Nf1 Be6 49. Ne3 Kc6 50. g4 Kd6 51. f5 Bf7 52. h5 Kc6 53.
Ng2 a5 54. bxa5 b4 55. Nf4 Kb5 56. a6 Kxa6 0-1

[Event "Copenhagen Chess Challenge 2011"]
[Site "Ballerup"]
[Date "2011.05.19"]
[Round "3"]
[White "Kvisvik, Brede"]
[Black "Andersen, Daniel"]
[Result "1-0"]
[WhiteElo "2175"]
[BlackElo "1997"]
[PlyCount "49"]
[EventDate "2011.??.??"]
[EventType "swiss"]
[EventRounds "9"]
[EventCountry "DEN"]

1. e4 e6 2. d4 d5 3. Nc3 Nf6 4. e5 Nfd7 5. f4 c5 6. Nf3 Nc6 7. Be3 Be7 8. Qd2
O-O 9. O-O-O c4 10. Ne2 b5 11. f5 exf5 12. Nf4 Nb6 13. h4 b4 14. Qf2 c3 15. b3
a5 16. Bb5 Na7 17. Bd3 a4 18. Rdg1 axb3 19. axb3 Nb5 20. Kd1 Nc7 21. Ne2 Ra1+
22. Nc1 Be6 23. Ng5 f6 24. Nxe6 Nxe6 25. Qxf5 1-0

[Event "Copenhagen Chess Challenge 2011"]
[Site "Ballerup"]
[Date "2011.05.19"]
[Round "3"]
[White "Tandrup, Michael"]
[Black "Christensen, Janus"]
[Result "0-1"]
[WhiteElo "1963"]
[BlackElo "2148"]
[PlyCount "134"]
[EventDate "2011.??.??"]
[EventType "swiss"]
[EventRounds "9"]
[EventCountry "DEN"]

1. d4 Nf6 2. Nf3 e6 3. e3 c5 4. b3 Nc6 5. Bb2 d5 6. Bd3 cxd4 7. exd4 Bd6 8. O-O
O-O 9. Nbd2 Qc7 10. c4 dxc4 11. Nxc4 Be7 12. Nce5 Nb4 13. Rc1 Qa5 14. Nc4 Qh5
15. Bb1 b6 16. Nfe5 Qxd1 17. Rfxd1 Bb7 18. Ne3 Rac8 19. Rxc8 Rxc8 20. a3 Nbd5
21. Nxd5 Bxd5 22. b4 Ne4 23. Rc1 Rxc1+ 24. Bxc1 f6 25. Bxe4 Bxe4 26. Nc4 Bd3
27. Nd2 Kf7 28. f3 Bd6 29. Kf2 g5 30. g3 h5 31. Ke3 Bb5 32. Ne4 Be7 33. Kf2 Bc6
34. Nd2 Bd5 35. Bb2 a5 36. bxa5 bxa5 37. Nb1 f5 38. Nc3 Bc6 39. Nd1 Bd6 40. Ne3
Bb5 41. Nc2 Bd3 42. Ne1 Bb1 43. Ng2 Ke7 44. h4 gxh4 45. Nxh4 f4 46. gxf4 Bxf4
47. Ng2 Bd6 48. Bc3 Bc7 49. Ne3 Bd3 50. Ng2 Kd7 51. Ke3 Bf1 52. Nh4 Bg3 53. Ng6
a4 54. f4 Bg2 55. f5 exf5 56. Nf4 h4 57. Ne2 Bd6 58. Be1 h3 59. Bg3 Bxa3 60.
Nc3 Bc1+ 61. Kf2 a3 62. Na2 Bd2 63. Ke2 f4 64. Bh2 f3+ 65. Kf2 Bg5 66. Nc3 Bh4+
67. Bg3 h2 0-1

[Event "Copenhagen Chess Challenge 2011"]
[Site "Ballerup"]
[Date "2011.05.19"]
[Round "3"]
[White "Christensen, Casper"]
[Black "Andersen, Lars Christoff"]
[Result "1/2-1/2"]
[WhiteElo "1948"]
[BlackElo "2138"]
[PlyCount "43"]
[EventDate "2011.??.??"]
[EventType "swiss"]
[EventRounds "9"]
[EventCountry "DEN"]

1. e4 e6 2. d4 d5 3. Nc3 Nf6 4. f3 c5 5. Bb5+ Bd7 6. Bxd7+ Qxd7 7. Nge2 Nc6 8.
Bf4 cxd4 9. Nxd4 dxe4 10. Ndb5 e5 11. Qxd7+ Kxd7 12. O-O-O+ Kc8 13. Bg5 exf3
14. gxf3 a6 15. Nd6+ Bxd6 16. Bxf6 Bf8 17. Bh4 Be7 18. Bxe7 Nxe7 19. Rhe1 f6
20. f4 Ng6 21. fxe5 Nxe5 22. Nd5 1/2-1/2

[Event "Copenhagen Chess Challenge 2011"]
[Site "Ballerup"]
[Date "2011.05.19"]
[Round "3"]
[White "Hvenekilde, Jorgen"]
[Black "Knudsen, Jes West"]
[Result "0-1"]
[WhiteElo "2127"]
[BlackElo "1939"]
[PlyCount "86"]
[EventDate "2011.??.??"]
[EventType "swiss"]
[EventRounds "9"]
[EventCountry "DEN"]

1. Nf3 f5 2. d3 Nc6 3. e4 e5 4. h3 d5 5. exd5 Qxd5 6. Nc3 Qd6 7. Be2 Nf6 8. O-O
Be7 9. Re1 Be6 10. Bf1 O-O-O 11. Qe2 Nd7 12. Nb5 Qb4 13. a4 Bf6 14. Bd2 Qe7 15.
Bc3 Rhe8 16. Qe3 Kb8 17. d4 e4 18. Ne5 Ndxe5 19. dxe5 Bg5 20. f4 Bh6 21. h4
Qxh4 22. g3 Qe7 23. Re2 g5 24. Rh2 gxf4 25. gxf4 Rg8+ 26. Bg2 Rg6 27. Kh1 Qg7
28. Rf1 Rg3 29. Qe2 Rg8 30. Be1 Bc4 31. Qf2 Bxf4 32. Rg1 Rg4 33. Rh3 Bxb5 34.
axb5 Nxe5 35. Bc3 Qg5 36. Bd4 Nf3 37. Bxf3 exf3 38. Bxa7+ Kc8 39. Qe1 Rxg1+ 40.
Qxg1 Qg2+ 41. Qxg2 fxg2+ 42. Kg1 b6 43. c4 Bd6 0-1

[Event "Copenhagen Chess Challenge 2011"]
[Site "Ballerup"]
[Date "2011.05.19"]
[Round "3"]
[White "Brondum, Eric"]
[Black "Salomon, Johan"]
[Result "1/2-1/2"]
[WhiteElo "2116"]
[BlackElo "1917"]
[PlyCount "49"]
[EventDate "2011.??.??"]
[EventType "swiss"]
[EventRounds "9"]
[EventCountry "DEN"]

1. Nf3 Nf6 2. g3 g6 3. Bg2 Bg7 4. O-O O-O 5. c4 c6 6. Nc3 d5 7. cxd5 cxd5 8. d4
Nc6 9. Ne5 e6 10. Bf4 Qb6 11. Nxc6 Qxc6 12. Rc1 Qa6 13. Be5 Bd7 14. Qd2 Rfc8
15. Rfe1 Bc6 16. Bf1 Ne4 17. Nxe4 dxe4 18. Bxg7 Kxg7 19. a3 Bd5 20. Bg2 b6 21.
h4 h5 22. Qe3 Qb7 23. Qf4 Rxc1 24. Rxc1 Rc8 25. Rxc8 1/2-1/2

[Event "Copenhagen Chess Challenge 2011"]
[Site "Ballerup"]
[Date "2011.05.19"]
[Round "3"]
[White "Eriksson, Christian Altenburg"]
[Black "Langmyhr, Tore"]
[Result "1-0"]
[WhiteElo "2139"]
[BlackElo "1993"]
[PlyCount "145"]
[EventDate "2011.??.??"]
[EventType "swiss"]
[EventRounds "9"]
[EventCountry "DEN"]

1. e4 d5 2. exd5 Nf6 3. Nf3 Nxd5 4. d4 Bg4 5. Be2 Nc6 6. O-O e6 7. c4 Nb6 8. c5
Nd5 9. Nc3 Be7 10. h3 Bh5 11. Bb5 Bxf3 12. Qxf3 O-O 13. Be3 Nxc3 14. bxc3 Qd5
15. Qg3 a6 16. Ba4 b5 17. Bb3 Qd8 18. Bf4 Ra7 19. Bc2 Bf6 20. Rfd1 Ne7 21. a4
bxa4 22. Rxa4 Nd5 23. Rda1 Qc8 24. Bd2 g6 25. Qf3 Bg7 26. Bd3 c6 27. Be4 f5 28.
Bxd5 exd5 29. Qd3 Re8 30. Rxa6 Rxa6 31. Rxa6 Re6 32. Rb6 Bf6 33. Qg3 Kf7 34.
Qd3 Bd8 35. Rb1 Bc7 36. g3 Re4 37. Kg2 Kg7 38. Re1 Qe8 39. Rf1 Re2 40. Be3 Qe4+
41. Qxe4 fxe4 42. Rb1 Ba5 43. Rc1 Rb2 44. c4 dxc4 45. Rxc4 Rb4 46. Rc2 Kf7 47.
Ra2 Rb5 48. Kf1 Ke6 49. Ke2 h5 50. g4 hxg4 51. hxg4 Kd5 52. Ra4 Rb2+ 53. Kf1
Bc3 54. Ra8 Rb1+ 55. Kg2 Ra1 56. Rd8+ Kc4 57. Rd6 g5 58. Rxc6 Bxd4 59. Bxg5 Kb5
60. Re6 Re1 61. c6 Re2 62. c7 Rxf2+ 63. Kg3 Rf3+ 64. Kg2 Rf2+ 65. Kg3 Rf3+ 66.
Kh4 Rc3 67. Bf4 e3 68. Bxe3 Bxe3 69. Rxe3 Rxc7 70. Rd3 Rh7+ 71. Kg5 Rg7+ 72.
Kh5 Kc4 73. Rd8 1-0

[Event "Copenhagen Chess Challenge 2011"]
[Site "Ballerup"]
[Date "2011.05.19"]
[Round "3"]
[White "Pedersen, Sven"]
[Black "Andersen, Kim Nyvang"]
[Result "1-0"]
[WhiteElo "2125"]
[BlackElo "1931"]
[PlyCount "81"]
[EventDate "2011.??.??"]
[EventType "swiss"]
[EventRounds "9"]
[EventCountry "DEN"]

1. e4 c5 2. c3 Nf6 3. e5 Nd5 4. Nf3 Nc6 5. d4 cxd4 6. cxd4 d6 7. Bc4 Nb6 8. Bb5
d5 9. Nc3 Bg4 10. h3 Bh5 11. O-O e6 12. Be3 Be7 13. Rc1 O-O 14. Na4 Rc8 15. Nc5
Qc7 16. g4 Bg6 17. Qd2 Nd7 18. Nxd7 Qxd7 19. a3 Nxe5 20. dxe5 Qxb5 21. Bxa7 Rc4
22. Rxc4 dxc4 23. Bd4 Qd5 24. Qe3 Be4 25. Nd2 Bg2 26. Re1 Bxh3 27. Qe4 h5 28.
gxh5 b5 29. Bc3 Rd8 30. Re3 Bf5 31. Qf4 Kh7 32. Nf3 Qd1+ 33. Re1 Qd3 34. Re3
Qd1+ 35. Kg2 Rd3 36. Re1 Qa4 37. Nd4 Bh3+ 38. Kh2 b4 39. Qxf7 bxc3 40. Rg1 Bf8
41. h6 1-0

[Event "Copenhagen Chess Challenge 2011"]
[Site "Ballerup"]
[Date "2011.05.19"]
[Round "3"]
[White "Borg, Flemming"]
[Black "Olsen, Aage"]
[Result "1/2-1/2"]
[WhiteElo "1854"]
[BlackElo "2005"]
[PlyCount "49"]
[EventDate "2011.??.??"]
[EventType "swiss"]
[EventRounds "9"]
[EventCountry "DEN"]

1. e4 c5 2. c3 d5 3. exd5 Qxd5 4. d4 Nf6 5. Nf3 e6 6. Bb5+ Nc6 7. O-O Bd7 8. h3
a6 9. Ba4 Be7 10. Be3 cxd4 11. Nxd4 Nxd4 12. Bxd7+ Qxd7 13. Qxd4 Rd8 14. Qxd7+
Rxd7 15. Nd2 Nd5 16. Rfd1 O-O 17. Kf1 Rfd8 18. Ke2 f5 19. Nf3 Bf6 20. g3 e5 21.
c4 e4 22. Rxd5 exf3+ 23. Kxf3 Rxd5 24. cxd5 Rxd5 25. Rb1 1/2-1/2